| 000 | 00552nam a2200205Ia 4500 | ||
|---|---|---|---|
| 008 | 230125s9999 xx 000 0 und d | ||
| 020 | _a9789386228345 | ||
| 041 | _aeng | ||
| 082 |
_a920.72 _bGHO |
||
| 100 |
_aGhose S _9117537 |
||
| 245 | _aIndira: Indias Most Powerful Prime Minister | ||
| 260 |
_c2017 _bJuggernaut Books _aNew Delhi |
||
| 300 | _a342p | ||
| 440 | _v1 | ||
| 500 | _aBiography;Biography-Women;Indira Gandhi;Literature; | ||
| 650 | _aBiography-Women | ||
| 700 |
_aGhose S _9117537 |
||
| 906 | _b29 | ||
| 999 |
_c95375 _d95375 |
||